Out of the labyrinth : (Record no. 121938)
[ view plain ]
| 000 -LEADER | |
|---|---|
| fixed length control field | 01075cam a2200337 a 4500 |
| 001 - CONTROL NUMBER | |
| control field | 7518996 |
| 003 - CONTROL NUMBER IDENTIFIER | |
| control field | ARRUPE |
| 005 - DATE AND TIME OF LATEST TRANSACTION | |
| control field | 20150129145616.0 |
| 008 - FIXED-LENGTH DATA ELEMENTS--GENERAL INFORMATION | |
| fixed length control field | 090225s2007 rh ab b 000 0 eng |
| 010 ## - LIBRARY OF CONGRESS CONTROL NUMBER | |
| LC control number | 2009334079 |
| 020 ## - INTERNATIONAL STANDARD BOOK NUMBER | |
| Cancelled/invalid ISBN | 1779200365 |
| 035 ## - SYSTEM CONTROL NUMBER | |
| System control number | (OCoLC)ocn317118503 |
| 035 ## - SYSTEM CONTROL NUMBER | |
| System control number | (OCoLC)317118503 |
| 035 ## - SYSTEM CONTROL NUMBER | |
| System control number | (NNC)7518996 |
| 040 ## - CATALOGING SOURCE | |
| Original cataloging agency | DLC |
| Transcribing agency | DLC |
| Modifying agency | NNC |
| 042 ## - AUTHENTICATION CODE | |
| Authentication code | lcode |
| 043 ## - GEOGRAPHIC AREA CODE | |
| Geographic area code | f-rh--- |
| 050 00 - LIBRARY OF CONGRESS CALL NUMBER | |
| Classification number | GN865.Z55 |
| Item number | N43 2007 |
| 300 ## - PHYSICAL DESCRIPTION | |
| Other physical details | col. ill., col. maps ; |
| Dimensions | 21 cm. |
| 100 1# - MAIN ENTRY--PERSONAL NAME | |
| Personal name | Nhamo, Ancila. |
| 9 (RLIN) | 14785 |
| 245 10 - TITLE STATEMENT | |
| Title | Out of the labyrinth : |
| Remainder of title | the significance of kudu images in the rock art of Zimunya / |
| Statement of responsibility, etc | Ancila Nhamo. |
| 260 ## - PUBLICATION, DISTRIBUTION, ETC. (IMPRINT) | |
| Place of publication, distribution, etc | Harare : |
| Name of publisher, distributor, etc | University of Zimbabwe Publications, |
| Date of publication, distribution, etc | 2007. |
| 300 ## - PHYSICAL DESCRIPTION | |
| Extent | iv, 92 p. : |
| 500 ## - GENERAL NOTE | |
| General note | Errata slip inserted. |
| 504 ## - BIBLIOGRAPHY, ETC. NOTE | |
| Bibliography, etc | Includes bibliographical references (p. 78-86). |
| 650 #0 - SUBJECT ADDED ENTRY--TOPICAL TERM | |
| Topical term or geographic name as entry element | Rock paintings |
| Geographic subdivision | Zimbabwe |
| -- | Zimunya. |
| 9 (RLIN) | 14786 |
| 650 #0 - SUBJECT ADDED ENTRY--TOPICAL TERM | |
| Topical term or geographic name as entry element | Greater kudu |
| Geographic subdivision | Zimbabwe |
| -- | Zimunya. |
| 9 (RLIN) | 14787 |
| 942 ## - ADDED ENTRY ELEMENTS (KOHA) | |
| Source of classification or shelving scheme | Library of Congress Classification |
| Koha item type | Monograph ( Printed materials) |
| 948 0# - LOCAL PROCESSING INFORMATION (OCLC); SERIES PART DESIGNATOR (RLIN) | |
| Series part designator, SPT (RLIN) | 20091211 |
| b (OCLC) | x |
| c (OCLC) | dc21 |
| d (OCLC) | MPS |
| 948 1# - LOCAL PROCESSING INFORMATION (OCLC); SERIES PART DESIGNATOR (RLIN) | |
| Series part designator, SPT (RLIN) | 20091223 |
| b (OCLC) | c |
| c (OCLC) | fra1 |
| d (OCLC) | SCMC |
| Withdrawn status | Lost status | Source of classification or shelving scheme | Damaged status | Not for loan | Collection code | Home library | Current library | Shelving location | Date acquired | Total Checkouts | Full call number | Barcode | Date last seen | Price effective from | Koha item type |
|---|---|---|---|---|---|---|---|---|---|---|---|---|---|---|---|
| Library of Congress Classification | Main Collection | ARRUPE LIBRARY | ARRUPE LIBRARY | Main Collection | 29/01/2015 | GN865.Z55 N43 2007 | 46500002988 | 09/04/2018 | 29/01/2015 | Monograph ( Printed materials) |